书目信息 |
| 题名: |
涂装系统分析与质量控制
|
|
| 作者: | 齐祥安 , 刘晓佳 编著 | |
| 分册: | ||
| 出版信息: | 北京 化学工业出版社 2012.10 |
|
| 页数: | 278页 | |
| 开本: | 24cm | |
| 丛书名: | ||
| 单 册: | ||
| 中图分类: | TQ639 | |
| 科图分类: | ||
| 主题词: | 涂漆 , 涂漆--基本知识 | |
| 电子资源: | ||
| ISBN: | 978-7-122-14686-1 | |
| 000 | 01044nam0 2200253 45 | |
| 001 | 1360081984 | |
| 005 | 20130530155122.39 | |
| 010 | @a978-7-122-14686-1@dCNY68.00 | |
| 100 | @a20130513d2012 em y0chiy50 ea | |
| 101 | 0 | @achi |
| 102 | @aCN@b110000 | |
| 105 | @aa z 000yy | |
| 106 | @ar | |
| 200 | 1 | @a涂装系统分析与质量控制@ATu Zhuang Xi Tong Fen Xi Yu Zhi Liang Kong Zhi@f齐祥安,刘晓佳等编著@FQi Xiang An, Liu Xiao Jia Deng Bian Zhu |
| 210 | @a北京@c化学工业出版社@d2012.10 | |
| 215 | @a278页@c图@d24cm | |
| 330 | @a本书介绍了涂装系统分析与质量控制的相关知识。具体内容包括涂装系统与系统工程,设计阶段的分析与控制,制造阶段的分析与控制,储运阶段的分析与控制,安调阶段的分析与控制,试用阶段的分析与控制,涂装涂层与其他涂层的组合及其质量控制,涂料涂装相关标准与系统质量控制,涂装系统分析与质量控制的应用。 | |
| 606 | 0 | @a涂漆 |
| 606 | 0 | @a涂漆@x基本知识 |
| 690 | @aTQ639@v5 | |
| 701 | 0 | @a齐祥安@AQi Xiang An@4编著 |
| 701 | 0 | @a刘晓佳@ALiu Xiao Jia@4编著 |
| 801 | @aCN@bTANGWEI@c20130522 | |
| 905 | @b0833884-87@dTQ639@e37@f4 | |
| 涂装系统分析与质量控制/齐祥安,刘晓佳等编著.-北京:化学工业出版社,2012.10 |
| 278页:图;24cm |
| ISBN 978-7-122-14686-1:CNY68.00 |
| 本书介绍了涂装系统分析与质量控制的相关知识。具体内容包括涂装系统与系统工程,设计阶段的分析与控制,制造阶段的分析与控制,储运阶段的分析与控制,安调阶段的分析与控制,试用阶段的分析与控制,涂装涂层与其他涂层的组合及其质量控制,涂料涂装相关标准与系统质量控制,涂装系统分析与质量控制的应用。 |
| ● |
| 相关链接 |
|
|
|
|
正题名:涂装系统分析与质量控制
索取号:TQ639/37
 
预约/预借
| 序号 | 登录号 | 条形码 | 馆藏地/架位号 | 状态 | 备注 |
| 1 | 0833884 | 208338841 | 第二样本阅览室/ [索取号:TQ639/37] | 在馆 | |
| 2 | 0833885 | 208338850 | 第三借阅区/ [索取号:TQ639/37] | 在馆 | |
| 3 | 0833886 | 208338869 | 第三借阅区/ [索取号:TQ639/37] | 在馆 | |
| 4 | 0833887 | 208338878 | 第三借阅区/ [索取号:TQ639/37] | 在馆 |